Theory and credibility: Integrating theoretical and empirical social science (Record no. 1311781)
[ view plain ]
| 000 -LEADER | |
|---|---|
| fixed length control field | 01252nam a2200241 4500 |
| 005 - DATE AND TIME OF LATEST TRANSACTION | |
| control field | 20250505150114.0 |
| 008 - FIXED-LENGTH DATA ELEMENTS--GENERAL INFORMATION | |
| fixed length control field | 250505b |||||||| |||| 00| 0 eng d |
| 020 ## - INTERNATIONAL STANDARD BOOK NUMBER | |
| International Standard Book Number | 9780691213828 |
| 037 ## - SOURCE OF ACQUISITION | |
| Terms of availability | Textual |
| 040 ## - CATALOGING SOURCE | |
| Original cataloging agency | RTL |
| Transcribing agency | RTL |
| 084 ## - COLON CLASSIFICATION NUMBER | |
| Classification number | Yb4 R1 |
| Assigning agency | RTL |
| 100 ## - MAIN ENTRY--PERSONAL NAME | |
| Personal name | Ashworth, Scott |
| 9 (RLIN) | 754353 |
| 245 ## - TITLE STATEMENT | |
| Title | Theory and credibility: Integrating theoretical and empirical social science |
| 260 ## - PUBLICATION, DISTRIBUTION, ETC. | |
| Place of publication, distribution, etc. | Princeton |
| Name of publisher, distributor, etc. | Princeton University Press |
| Date of publication, distribution, etc. | 2021 |
| 300 ## - PHYSICAL DESCRIPTION | |
| Extent | xvi,257 p. ill. |
| Other physical details | Includes bibliographical references and index |
| 520 ## - SUMMARY, ETC. | |
| Summary, etc. | The credibility revolution, with its emphasis on empirical methods for causal inference, has led to concerns among scholars that the canonical questions about politics and society are being neglected because they are no longer deemed answerable. Theory and Credibility stakes out an opposing view—presenting a new vision of how, working together, the credibility revolution and formal theory can advance social scientific inquiry.<br/> |
| 650 ## - SUBJECT ADDED ENTRY--TOPICAL TERM | |
| Topical term or geographic name entry element | Social sciences- Research- Philosophy |
| 9 (RLIN) | 754354 |
| 650 ## - SUBJECT ADDED ENTRY--TOPICAL TERM | |
| Topical term or geographic name entry element | Quantitative research |
| 9 (RLIN) | 754355 |
| 650 ## - SUBJECT ADDED ENTRY--TOPICAL TERM | |
| Topical term or geographic name entry element | Mathematical models |
| 700 ## - ADDED ENTRY--PERSONAL NAME | |
| Personal name | Berry, Christopher R. |
| 9 (RLIN) | 754356 |
| 700 ## - ADDED ENTRY--PERSONAL NAME | |
| Personal name | De Mesquita, Ethan Bueno |
| 9 (RLIN) | 754357 |
| 942 ## - ADDED ENTRY ELEMENTS (KOHA) | |
| Source of classification or shelving scheme | Colon Classification (CC) |
| Suppress in OPAC | No |
| Koha item type | Textbook |
| Classification part | Yb4 R1 |
| Withdrawn status | Lost status | Source of classification or shelving scheme | Damaged status | Not for loan | Home library | Current library | Date acquired | Total Checkouts | Full call number | Barcode | Date last seen | Price effective from | Koha item type |
|---|---|---|---|---|---|---|---|---|---|---|---|---|---|
| Colon Classification (CC) | Ratan Tata Library | Ratan Tata Library | 2025-05-05 | Yb4 R1 | RT1528396 | 2025-05-05 | 2025-05-05 | Textbook |
